| 000 | 01754nam a2200217Ia 4500 | ||
|---|---|---|---|
| 003 | Ost | ||
| 005 | 20260507075333.0 | ||
| 008 | 260507s9999||||xx |||||||||||||| ||und|| | ||
| 040 | _cfsecg | ||
| 041 | _aara | ||
| 082 | _a330 | ||
| 100 |
_aحسين، عصام _eمؤلف |
||
| 245 | 0 |
_aأسواق الأوراق المالية : _bالبورصة / _c عصام حسين |
|
| 260 |
_aعمان: _bدار أسامة للنشر والتوزيع, _c2010 |
||
| 300 |
_a296 صفحة؛ _bإيضاحات ؛ _c25 سم |
||
| 520 | _aنشأة الاسواق المالية ، مفهوم أسواق الاوراق المالية ، بورصة القيم المنقواة ، كفاءة و مؤشرات أسواق الاوراق المالية كيفية بناء المؤشرات ، المنتجات المصرفية ، البضاعة المتداولة في السوق ، آلية عمل البورصة ، بنية السوق المالية ، التدوير و شركات المضاربة ، التجميع ، أسباب ارتفاع أسعار الأسهم و انخفاضها ، نماذج المخططات البيانية للأسهم ، أدوات سوق رأس المال ، التحليل و انواعه ، تحليل بورصات المنطقة العربية ، طريقة تقييم الأسهم ، الاستثمار في الأسواق المالية صناديق الاستثمار ، المضاربة في سوق الأوراق المالية و الاستثمار ، استراتيجية المضاربة ، عشرة أخطاء للمضاربين في الاسهم ، وقفات مع المضاربة اليومية | ||
| 653 | _aالإستثمار | ||
| 653 | _aالأوراق المالية | ||
| 653 | _aالبورصات | ||
| 942 | _cكتاب | ||
| 999 |
_c44022 _d44022 |
||